[Event "Quebec op"]
[Site "Longueuil CAN"]
[Date "2018.07.22"]
[Round "3.5"]
[White "Voskanyan, Vahagn"]
[Black "Rodrigue-Lemieux, Shawn"]
[Result "1-0"]
[WhiteElo "2201"]
[BlackElo "2267"]
[PlyCount "93"]
[EventDate "2018.07.21"]
[EventType "swiss"]
[EventRounds "9"]
[EventCountry "CAN"]

1. Nf3 Nf6 2. c4 e6 3. b3 d5 4. Bb2 Be7 5. e3 O-O 6. Be2 c6 7. O-O Nbd7 8. d3
b5 9. Nbd2 a5 10. Rc1 Bb7 11. Qc2 Qb6 12. cxb5 cxb5 13. Bd4 Qa6 14. Qb2 Rfc8
15. Ne5 Nxe5 16. Bxe5 Ne8 17. f4 f6 18. Bd4 Nd6 19. Bg4 Nf5 20. Bxf5 exf5 21.
Rxc8+ Rxc8 22. Rc1 Rc6 23. Nf3 b4 24. Ne1 a4 25. Rxc6 Bxc6 26. Qc2 axb3 27.
axb3 Bd6 28. Kf2 Kf7 29. Ke2 Qb5 30. Qa2 Bb8 31. Nc2 g5 32. g3 Bb7 33. Qa1 gxf4
34. gxf4 Bd6 35. Bxf6 d4 36. Qxd4 Qc6 37. Ne1 Bc5 38. Qe5 Bd6 39. Qxf5 Bc8 40.
Qg5 Bf8 41. Bd4 Qe6 42. Nf3 Qxb3 43. Ne5+ Ke8 44. Qh5+ Ke7 45. Bc5+ Kd8 46.
Bb6+ Ke7 47. Qg5+ 1-0

[Event "Quebec op"]
[Site "Longueuil CAN"]
[Date "2018.07.23"]
[Round "4.9"]
[White "Rodrigue-Lemieux, Shawn"]
[Black "Saine, Zachary"]
[Result "1-0"]
[WhiteElo "2267"]
[BlackElo "1899"]
[PlyCount "87"]
[EventDate "2018.07.21"]
[EventType "swiss"]
[EventRounds "9"]
[EventCountry "CAN"]

1. d4 d5 2. c4 e6 3. Nc3 c6 4. cxd5 exd5 5. Nf3 Bd6 6. Bg5 Ne7 7. Qc2 Bf5 8.
Qxf5 Nxf5 9. Bxd8 Kxd8 10. e3 h6 11. Bd3 Ne7 12. O-O f5 13. Ne5 Rf8 14. f4 Nd7
15. Rab1 a5 16. a3 b5 17. Rfc1 b4 18. Na4 bxa3 19. Nxd7 Kxd7 20. Nb6+ Ke6 21.
Nxa8 Rxa8 22. bxa3 Bxa3 23. Rc2 a4 24. Kf2 Bd6 25. Kf3 h5 26. g3 a3 27. h3 g6
28. g4 h4 29. Rg2 Ra4 30. gxf5+ gxf5 31. Ra1 Kf6 32. Rg5 Bb4 33. Ra2 Ra8 34.
Rg1 Bd6 35. Rg5 Bb4 36. Kf2 Bc3 37. Rh5 Bb2 38. Rxh4 Rg8 39. Rh6+ Kf7 40. h4
Rg4 41. Be2 Rg8 42. Bh5+ Ng6 43. Ke2 Bc1 44. Kd3 1-0

[Event "Quebec op"]
[Site "Longueuil CAN"]
[Date "2018.07.24"]
[Round "5.5"]
[White "Huang, Qiuyu"]
[Black "Rodrigue-Lemieux, Shawn"]
[Result "1/2-1/2"]
[WhiteElo "2108"]
[BlackElo "2267"]
[PlyCount "141"]
[EventDate "2018.07.21"]
[EventType "swiss"]
[EventRounds "9"]
[EventCountry "CAN"]

1. e4 c6 2. d4 d5 3. exd5 cxd5 4. Bd3 Nc6 5. c3 Nf6 6. Bf4 Bg4 7. Qb3 Qd7 8.
Nd2 e6 9. Ngf3 Bd6 10. Bxd6 Qxd6 11. O-O Rb8 12. a4 O-O 13. Rfe1 Bh5 14. h3 Nd7
15. Re3 Rfc8 16. Rae1 a6 17. g4 Bg6 18. Bxg6 hxg6 19. Qd1 b5 20. axb5 Rxb5 21.
b3 Na5 22. h4 Qf4 23. Ng5 Nf6 24. Rg3 Rcb8 25. Nh3 Qc7 26. b4 Nc4 27. Nxc4 dxc4
28. g5 Nh5 29. Rf3 a5 30. bxa5 Qxa5 31. Qe2 Rb1 32. Re3 Rxe1+ 33. Qxe1 Qf5 34.
Qe2 Rb1+ 35. Kg2 Ra1 36. Qf3 Qb1 37. Kh2 Kh7 38. Re5 Qf1 39. Rc5 Rd1 40. Re5
Rc1 41. Re3 Ra1 42. Re5 Rd1 43. Re4 Rd2 44. Re5 Qc1 45. Re3 Rd1 46. Qe4 Qa1 47.
Qc6 Qb1 48. Qxc4 Qb7 49. d5 exd5 50. Qe2 Ra1 51. Qf3 Qc7+ 52. Kg2 Qc4 53. Rd3
Rb1 54. Rxd5 Qf1+ 55. Kh2 Ra1 56. Rd4 Qc1 57. Rd3 Qb1 58. Rd4 Qb3 59. Rb4 Qe6
60. Rd4 Rc1 61. Re4 Qd6+ 62. Kg2 Qc7 63. Re3 Qc4 64. Kh2 Rc2 65. Rd3 Rc1 66.
Re3 Ra1 67. Rd3 Rb1 68. Re3 Rc1 69. Rd3 Rc2 70. Re3 Ra2 71. Rd3 1/2-1/2

[Event "Quebec op"]
[Site "Longueuil CAN"]
[Date "2018.07.25"]
[Round "6.5"]
[White "Rodrigue-Lemieux, Shawn"]
[Black "Beaulieu, Eric"]
[Result "0-1"]
[WhiteElo "2267"]
[BlackElo "2129"]
[PlyCount "74"]
[EventDate "2018.07.21"]
[EventType "swiss"]
[EventRounds "9"]
[EventCountry "CAN"]

1. d4 Nf6 2. Nf3 e6 3. Bf4 c5 4. e3 b6 5. Nbd2 Be7 6. c3 O-O 7. Bd3 cxd4 8.
exd4 Ba6 9. Bc2 Nd5 10. Bg3 Nc6 11. h4 Rc8 12. Nf1 f5 13. Ne3 Nxe3 14. fxe3 d5
15. Bd3 Bxd3 16. Qxd3 Na5 17. Bf4 Nc4 18. Qe2 b5 19. Ng5 Bxg5 20. hxg5 g6 21.
g4 Rf7 22. Rh6 Qa5 23. a3 fxg4 24. Qc2 Kf8 25. Ke2 e5 26. dxe5 Qb6 27. Rf1 Re8
28. Qd3 Qe6 29. b3 Nxe5 30. Qxb5 Nf3 31. Qb4+ Kg8 32. Rd1 d4 33. Rxd4 Nxd4+ 34.
Qxd4 Qc6 35. Kf2 Qf3+ 36. Kg1 g3 37. Qd2 Rd7 0-1

[Event "Quebec op"]
[Site "Longueuil CAN"]
[Date "2018.07.26"]
[Round "7.9"]
[White "Durette, Francis"]
[Black "Rodrigue-Lemieux, Shawn"]
[Result "1/2-1/2"]
[WhiteElo "2035"]
[BlackElo "2267"]
[PlyCount "65"]
[EventDate "2018.07.21"]
[EventType "swiss"]
[EventRounds "9"]
[EventCountry "CAN"]

1. Nf3 g6 2. c4 Bg7 3. d4 d6 4. g3 Nd7 5. Bg2 e5 6. e3 Ne7 7. Nc3 O-O 8. O-O
Nc6 9. d5 Ne7 10. e4 f5 11. Be3 Nf6 12. h3 h6 13. Nd2 f4 14. gxf4 Nh5 15. fxe5
Bxe5 16. Bxh6 Nf4 17. Bxf4 Rxf4 18. Ne2 Rf7 19. f4 Bxb2 20. Rb1 Bf6 21. Nf3 a6
22. Ned4 b5 23. Ne6 Bxe6 24. dxe6 Rf8 25. cxb5 axb5 26. Rxb5 Rxa2 27. Qb3 Qa8
28. Qd3 Ra3 29. Qc2 Rc3 30. Qb1 Qa7+ 31. Kh1 Qe3 32. Nh2 Bd4 33. Rb8 1/2-1/2

[Event "Quebec op"]
[Site "Longueuil CAN"]
[Date "2018.07.27"]
[Round "8.7"]
[White "Rodrigue-Lemieux, Shawn"]
[Black "Zhao, Jim"]
[Result "1/2-1/2"]
[WhiteElo "2267"]
[BlackElo "2169"]
[PlyCount "132"]
[EventDate "2018.07.21"]
[EventType "swiss"]
[EventRounds "9"]
[EventCountry "CAN"]

1. Nf3 c5 2. g3 g6 3. Bg2 Bg7 4. O-O Nc6 5. c3 e5 6. e4 Nge7 7. Na3 O-O 8. Re1
d5 9. exd5 Nxd5 10. d3 Re8 11. Qb3 Na5 12. Qb5 a6 13. Qa4 Bd7 14. Qc2 Bf5 15.
Nh4 Be6 16. Nc4 Nc6 17. a4 Qc7 18. Nf3 h6 19. a5 Rad8 20. Nfd2 f5 21. Nb3 Ndb4
22. cxb4 Nxb4 23. Qe2 Nxd3 24. Ra4 Qf7 25. Nbd2 Nxe1 26. Qxe1 Rd4 27. b3 Red8
28. Bb2 Bxc4 29. Bxd4 Bb5 30. Bxc5 Bxa4 31. bxa4 e4 32. Bb6 Rd7 33. Qc1 Qd5 34.
Nf1 Qd1 35. Qc8+ Kh7 36. h4 h5 37. Kh2 Qxa4 38. Ne3 Rf7 39. Nd5 Qd7 40. Qc4 Qe6
41. Bf1 Rd7 42. Nf4 Qxc4 43. Bxc4 Bc3 44. Nd5 Be5 45. Kg2 Rd6 46. Be3 Rc6 47.
Nb6 Bc3 48. Bd5 Rc7 49. Nc4 Rd7 50. Nb6 Rc7 51. Bf4 Rc5 52. Bxb7 Bxa5 53. Nd7
Rc2 54. Bxa6 Be1 55. Be3 Bxf2 56. Bxf2 e3 57. Kf3 exf2 58. Nf8+ Kh6 59. Be2 Rc6
60. Nd7 g5 61. Kxf2 Rc3 62. Bf3 Rc2+ 63. Be2 Rc3 64. Ne5 gxh4 65. gxh4 Rh3 66.
Nf3 f4 1/2-1/2

[Event "Quebec op"]
[Site "Longueuil CAN"]
[Date "2018.07.28"]
[Round "9.7"]
[White "Malek, Omid"]
[Black "Rodrigue-Lemieux, Shawn"]
[Result "1-0"]
[WhiteElo "2055"]
[BlackElo "2267"]
[PlyCount "79"]
[EventDate "2018.07.21"]
[EventType "swiss"]
[EventRounds "9"]
[EventCountry "CAN"]

1. d4 d6 2. e4 Nf6 3. Nc3 e5 4. Nf3 Nbd7 5. g4 Nxg4 6. Rg1 exd4 7. Nxd4 Nge5 8.
Bg5 Nf6 9. Be2 h6 10. Be3 c5 11. Nb3 Be6 12. f4 Nc4 13. Bxc4 Bxc4 14. Qf3 Qc7
15. e5 dxe5 16. O-O-O Nd7 17. Nd2 Ba6 18. Nde4 O-O-O 19. fxe5 Re8 20. Qxf7 Re7
21. Qf2 Re6 22. Nd6+ Kb8 23. Nf7 Rg8 24. Qf5 Bc4 25. b3 g6 26. Qh3 Nb6 27. Nxh6
Bxh6 28. Qxh6 g5 29. Qh3 Qxe5 30. Bd2 Rh8 31. Qg4 Bd5 32. Qxg5 Kc8 33. Qxe5
Rxe5 34. Bf4 Rf5 35. Bg3 c4 36. Nb5 Rfh5 37. Nd6+ Kd7 38. bxc4 Bf3 39. Rd3 Rf8
40. Nf5+ 1-0

[Event "CAN-op"]
[Site "Quebec CAN"]
[Date "2018.07.07"]
[Round "1.9"]
[White "Doknjas, Neil"]
[Black "Rodrigue-Lemieux, Shawn"]
[Result "0-1"]
[WhiteElo "1883"]
[BlackElo "2267"]
[PlyCount "108"]
[EventDate "2018.07.07"]
[EventType "swiss"]
[EventRounds "9"]
[EventCountry "CAN"]

1. e4 c6 2. d4 d5 3. exd5 cxd5 4. Bf4 Nc6 5. c3 Nf6 6. Bd3 Bg4 7. Qb3 Qc8 8.
Nd2 e6 9. Ngf3 Be7 10. O-O O-O 11. Ne5 Nxe5 12. Bxe5 Bh5 13. Rac1 Qd7 14. Bb5
Qd8 15. a4 Ng4 16. Bg3 Bd6 17. Be2 Bxg3 18. hxg3 Qg5 19. Nf3 Qe7 20. Ne5 Nxe5
21. Bxh5 Nc4 22. Rfd1 Rfc8 23. Qc2 Rc6 24. Bf3 Rac8 25. Qe2 Rb6 26. Rb1 Qd7 27.
Qc2 Na5 28. b4 Nc4 29. Qa2 Nd6 30. Rbc1 Ra6 31. a5 Rac6 32. Rd3 Nb5 33. Qd2 Qc7
34. Bd1 Nxc3 35. Kh2 Ne4 36. Rxc6 Qxc6 37. Qa2 Qc4 38. Qxc4 dxc4 39. Rf3 c3 40.
Bc2 Nf6 41. b5 Nd5 42. a6 bxa6 43. bxa6 Nb4 44. Bb3 c2 45. Bxc2 Nxc2 46. d5
exd5 47. Rd3 Nb4 48. Ra3 Rc6 49. Ra5 Rxa6 50. Rb5 Rb6 51. Ra5 a6 52. Kg1 g6 53.
Kf1 Re6 54. Ra1 d4 0-1

[Event "CAN-op"]
[Site "Quebec CAN"]
[Date "2018.07.08"]
[Round "2.8"]
[White "Rodrigue-Lemieux, Shawn"]
[Black "Lehingrat, Callum"]
[Result "1-0"]
[WhiteElo "2267"]
[BlackElo "1853"]
[PlyCount "69"]
[EventDate "2018.07.07"]
[EventType "swiss"]
[EventRounds "9"]
[EventCountry "CAN"]

1. Nf3 c5 2. g3 Nf6 3. Bg2 g6 4. O-O Bg7 5. c3 O-O 6. d3 d6 7. e4 Nc6 8. a3 a5
9. a4 Rb8 10. Na3 Na7 11. Re1 b5 12. axb5 Nxb5 13. Nc4 Be6 14. Nxa5 Ra8 15. Nc6
Qc7 16. Rxa8 Rxa8 17. e5 Nd5 18. exd6 Qxc6 19. dxe7 Re8 20. c4 Rxe7 21. cxd5
Qxd5 22. Qa4 Nd6 23. Bf4 Bd7 24. Qc2 Rxe1+ 25. Nxe1 Qe6 26. Nf3 Bd4 27. h3 Bb5
28. Nxd4 cxd4 29. Qc5 Qe1+ 30. Kh2 Bxd3 31. Bxd6 Qxf2 32. Qc8+ Kg7 33. Bf8+ Kf6
34. Qd8+ Kf5 35. g4+ 1-0

[Event "CAN-op"]
[Site "Quebec CAN"]
[Date "2018.07.08"]
[Round "3.3"]
[White "Mulyar, Michael"]
[Black "Rodrigue-Lemieux, Shawn"]
[Result "1/2-1/2"]
[WhiteElo "2385"]
[BlackElo "2287"]
[PlyCount "189"]
[EventDate "2018.07.07"]
[EventType "swiss"]
[EventRounds "9"]
[EventCountry "CAN"]

1. d4 d5 2. c4 e6 3. Nf3 Nf6 4. g3 Be7 5. Bg2 O-O 6. O-O dxc4 7. Qc2 a6 8. Qxc4
b5 9. Qc2 Bb7 10. Bd2 Be4 11. Qc1 Bb7 12. Bf4 Nd5 13. Nc3 Nxf4 14. Qxf4 Bd6 15.
Qe3 Nd7 16. Rfd1 Qe7 17. Rac1 Nb6 18. b3 c5 19. Ne5 Bxg2 20. Kxg2 cxd4 21. Qxd4
Bxe5 22. Qxe5 Rfd8 23. Ne4 Nd5 24. Nc5 Rac8 25. Nxe6 Qxe6 26. Rxc8 Qxc8 27.
Rxd5 Rxd5 28. Qxd5 g6 29. a4 bxa4 30. bxa4 h5 31. h4 Kg7 32. a5 Qc3 33. e3 Qc7
34. e4 Kg8 35. e5 Kg7 36. Kh2 Qc8 37. Qd4 Kg8 38. Qd6 Qc4 39. Qf6 Qc8 40. Qd6
Qc4 41. Qd8+ Kg7 42. Qb6 Kg8 43. Kg1 Kg7 44. Qf6+ Kg8 45. Qf3 Kg7 46. Kg2 Kg8
47. Qa8+ Kg7 48. Qb7 Kg8 49. Qd7 Qe4+ 50. Kh2 Qc4 51. Qe8+ Kg7 52. Qd8 Kh7 53.
Qf8 Qe6 54. Kg1 Qc4 55. Kh2 Qe6 56. Qd6 Qc4 57. Qf6 Kg8 58. Kg1 Qc1+ 59. Kg2
Qc4 60. Kh2 Qc8 61. e6 Qxe6 62. Qxe6 fxe6 63. Kg2 Kf7 64. Kf3 e5 65. Ke4 Ke6
66. f3 Kd6 67. f4 exf4 68. Kxf4 Ke6 69. Ke4 Kd6 70. Kd4 Kc6 71. Ke5 Kb5 72. Kf6
Kxa5 73. Kxg6 Kb4 74. Kxh5 a5 75. g4 a4 76. g5 a3 77. g6 a2 78. g7 a1=Q 79.
g8=Q Qe5+ 80. Qg5 Qe8+ 81. Kg4 Qd7+ 82. Qf5 Qg7+ 83. Kf4 Qh6+ 84. Kg3 Qe3+ 85.
Qf3 Qe1+ 86. Kh3 Kc5 87. h5 Kd6 88. Kg4 Qe6+ 89. Kg5 Qg8+ 90. Kh4 Qd8+ 91. Kh3
Qg5 92. Qf8+ Ke6 93. h6 Qh5+ 94. Kg3 Qg5+ 95. Kf3 1/2-1/2

[Event "CAN-op"]
[Site "Quebec CAN"]
[Date "2018.07.09"]
[Round "4.6"]
[White "Rodrigue-Lemieux, Shawn"]
[Black "Doknjas, John"]
[Result "0-1"]
[WhiteElo "2267"]
[BlackElo "2206"]
[PlyCount "66"]
[EventDate "2018.07.07"]
[EventType "swiss"]
[EventRounds "9"]
[EventCountry "CAN"]

1. e4 c5 2. Nf3 d6 3. d4 cxd4 4. Nxd4 Nf6 5. Nc3 a6 6. h3 b5 7. g4 Bb7 8. Bg2
e5 9. Nf5 b4 10. g5 bxc3 11. gxf6 g6 12. Ng7+ Kd7 13. Qf3 Kc7 14. Bg5 h6 15.
Bh4 Rh7 16. Qxc3+ Bc6 17. Qc4 Nd7 18. O-O-O Bxg7 19. Qxf7 g5 20. fxg7 gxh4 21.
Rxd6 Kxd6 22. Qg6+ Kc7 23. Qxh7 Qg5+ 24. f4 Qxg2 25. Rd1 Bxe4 26. Rxd7+ Kc6 27.
Rc7+ Kb6 28. f5 Qg1+ 29. Kd2 Rd8+ 30. Kc3 Qe3+ 31. Kb4 a5+ 32. Ka4 Bxc2+ 33. b3
Rd4+ 0-1

[Event "CAN-op"]
[Site "Quebec CAN"]
[Date "2018.07.10"]
[Round "5.7"]
[White "Itkin, David"]
[Black "Rodrigue-Lemieux, Shawn"]
[Result "0-1"]
[WhiteElo "2239"]
[BlackElo "2267"]
[PlyCount "72"]
[EventDate "2018.07.07"]
[EventType "swiss"]
[EventRounds "9"]
[EventCountry "CAN"]

1. e4 c6 2. c4 d5 3. exd5 cxd5 4. cxd5 Nf6 5. Nc3 Nxd5 6. Nf3 Nc6 7. Bc4 e6 8.
O-O Be7 9. d4 O-O 10. Re1 Nxc3 11. bxc3 Bf6 12. Bb3 b6 13. Ba3 Be7 14. Bxe7
Nxe7 15. Bc2 Bb7 16. Rc1 Ng6 17. Be4 Bxe4 18. Rxe4 Qd5 19. Qe2 b5 20. Ne5 Rac8
21. Nxg6 hxg6 22. h4 Rc4 23. Re5 Qc6 24. h5 gxh5 25. Rxh5 Rc8 26. Rh3 Qd5 27.
Rh5 Qc6 28. Rh3 Qd5 29. Rh5 Qd6 30. Qd3 g6 31. Rh4 Qd8 32. Qh3 Qf6 33. Re1 Rxc3
34. Re3 b4 35. Rhe4 Qf5 36. g4 Qxe4 0-1

[Event "CAN-op"]
[Site "Quebec CAN"]
[Date "2018.07.11"]
[Round "6.6"]
[White "Rodrigue-Lemieux, Shawn"]
[Black "Gaisinsky, Adam"]
[Result "1-0"]
[WhiteElo "2267"]
[BlackElo "1959"]
[PlyCount "121"]
[EventDate "2018.07.07"]
[EventType "swiss"]
[EventRounds "9"]
[EventCountry "CAN"]

1. e4 e5 2. Nf3 Nc6 3. Bc4 Nf6 4. d3 Be7 5. O-O O-O 6. Re1 d6 7. a3 Nd7 8. b4
Nb6 9. Bb3 Bg4 10. Nbd2 a5 11. bxa5 Rxa5 12. h3 Be6 13. Bb2 Na4 14. Bxa4 Rxa4
15. c3 Ra6 16. d4 exd4 17. cxd4 d5 18. e5 Qa8 19. Qc1 Rc8 20. Re3 Na7 21. Nb3
b6 22. Qf1 Ra4 23. Ne1 c5 24. f4 Bf5 25. Nf3 c4 26. g4 Bd7 27. Nbd2 Nb5 28. Nb1
c3 29. Bxc3 Nxa3 30. Nxa3 Rxa3 31. Rxa3 Qxa3 32. Bd2 Qb2 33. Qg2 Rc2 34. Re2
Bb4 35. Rf2 Bxd2 36. Rxd2 Rxd2 37. Qxd2 Qb1+ 38. Qe1 Qd3 39. Kf2 g6 40. Qe2 Qb1
41. Qe1 Qb2+ 42. Qd2 Qb1 43. f5 Bb5 44. Qg5 Qc2+ 45. Kg3 Qc8 46. Qf6 Bd7 47. e6
fxe6 48. fxg6 hxg6 49. Qxg6+ Kf8 50. Qf6+ Kg8 51. Qg5+ Kf8 52. Ne5 Qc3+ 53. Kh4
Qe1+ 54. Kh5 Qf1 55. Nxd7+ Ke8 56. Nf6+ Kd8 57. Qg8+ Kc7 58. Qf7+ Kc8 59. Qxe6+
Kb7 60. Nxd5 Qxh3+ 61. Kg5 1-0

[Event "CAN-op"]
[Site "Quebec CAN"]
[Date "2018.07.12"]
[Round "7.4"]
[White "Cherniaev, Alexander"]
[Black "Rodrigue-Lemieux, Shawn"]
[Result "1-0"]
[WhiteElo "2421"]
[BlackElo "2267"]
[PlyCount "87"]
[EventDate "2018.07.07"]
[EventType "swiss"]
[EventRounds "9"]
[EventCountry "CAN"]

1. d4 Nf6 2. c4 e6 3. g3 d5 4. Nf3 Be7 5. Bg2 O-O 6. O-O dxc4 7. Qa4 a6 8. Qxc4
b5 9. Qc2 Bb7 10. Bd2 Be4 11. Qc1 Bb7 12. Qc2 Be4 13. Qc1 Bb7 14. Bf4 Nd5 15.
Rd1 Nd7 16. Nc3 Nxf4 17. Qxf4 Bd6 18. Qe3 Qe7 19. a4 b4 20. Ne4 f5 21. Nxd6
cxd6 22. Ng5 Bxg2 23. Kxg2 Rfe8 24. d5 e5 25. Rac1 Nc5 26. Rxc5 dxc5 27. d6
Qb7+ 28. Kg1 Qd7 29. Qb3+ Kh8 30. Nf7+ Kg8 31. Nh6+ Kh8 32. Nf7+ Kg8 33. Nxe5+
Qe6 34. Rd5 Rad8 35. d7 Re7 36. Qd3 h6 37. a5 Qf6 38. f4 Kh7 39. Rxc5 Qe6 40.
Rc6 Qa2 41. Qxf5+ Kg8 42. Rc8 Qa1+ 43. Kf2 Qxa5 44. Nc6 1-0

[Event "CAN-op"]
[Site "Quebec CAN"]
[Date "2018.07.13"]
[Round "8.7"]
[White "Rodrigue-Lemieux, Shawn"]
[Black "Zhao, Jim"]
[Result "1-0"]
[WhiteElo "2267"]
[BlackElo "2169"]
[PlyCount "101"]
[EventDate "2018.07.07"]
[EventType "swiss"]
[EventRounds "9"]
[EventCountry "CAN"]

1. d4 d5 2. c4 dxc4 3. Nf3 e6 4. e3 c5 5. Bxc4 a6 6. O-O b5 7. Be2 Bb7 8. a4 b4
9. Nbd2 Nf6 10. dxc5 Nbd7 11. c6 Bxc6 12. Nd4 Bd5 13. Bf3 Ne5 14. Bxd5 Qxd5 15.
Qe2 Be7 16. b3 O-O 17. Bb2 Ne4 18. Rfd1 Bf6 19. Rac1 Nxd2 20. Rxd2 Qe4 21. f3
Qg6 22. f4 Ng4 23. Nc6 Kh8 24. Nxb4 Qe4 25. Bxf6 gxf6 26. Nc2 Rg8 27. Rd4 Qf5
28. Ne1 a5 29. Qf3 Rac8 30. Rdd1 e5 31. h3 Nh6 32. fxe5 fxe5 33. Qxf5 Nxf5 34.
Kf2 Rxc1 35. Rxc1 Rb8 36. Rc5 f6 37. Rb5 Rxb5 38. axb5 Kg7 39. Nd3 Nd6 40. b6
Nb7 41. Kf3 Kf7 42. Kg4 Kg6 43. e4 h6 44. h4 h5+ 45. Kf3 Kf7 46. g4 Kg6 47. Nb2
Nc5 48. Nc4 Nb7 49. gxh5+ Kxh5 50. Kg3 Nc5 51. Nd6 1-0

[Event "CAN-op"]
[Site "Quebec CAN"]
[Date "2018.07.14"]
[Round "9.2"]
[White "Bitan, Banerjee"]
[Black "Rodrigue-Lemieux, Shawn"]
[Result "1/2-1/2"]
[WhiteElo "2398"]
[BlackElo "2267"]
[PlyCount "83"]
[EventDate "2018.07.07"]
[EventType "swiss"]
[EventRounds "9"]
[EventCountry "CAN"]

1. Nf3 Nf6 2. g3 d5 3. Bg2 e6 4. d3 Be7 5. Nbd2 c5 6. O-O Nc6 7. e4 O-O 8. Re1
b5 9. e5 Nd7 10. Nf1 Bb7 11. h4 Qc7 12. Bf4 Rfc8 13. N1h2 Qd8 14. h5 h6 15. Qd2
Nf8 16. Ng4 Nh7 17. c3 Qf8 18. Qd1 a5 19. a4 bxa4 20. Rxa4 Ba6 21. Be3 Rab8 22.
Nxh6+ gxh6 23. Rg4+ Kh8 24. Qd2 Qe8 25. Bxh6 Bf8 26. Bg5 Be7 27. Qf4 Bxd3 28.
Bf6+ Bxf6 29. exf6 Qf8 30. Ng5 e5 31. Qd2 Nxf6 32. Bxd5 Nxd5 33. Qxd3 Nf6 34.
Qf5 Qg7 35. Rc4 Ne7 36. Qxe5 Ned5 37. Qf5 Rg8 38. Ne4 Rge8 39. Rd1 Qh7 40.
Qxh7+ Kxh7 41. Ng5+ Kg7 42. Rxc5 1/2-1/2

[Event "CYCC U14"]
[Site "Quebec CAN"]
[Date "2018.07.02"]
[Round "3.28"]
[White "Wu, Tony (Dongze)"]
[Black "Rodrigue-Lemieux, Shawn"]
[Result "0-1"]
[WhiteElo "1883"]
[BlackElo "2344"]
[PlyCount "80"]
[EventDate "2018.07.02"]
[EventType "swiss"]
[EventRounds "7"]
[EventCountry "CAN"]

1. d4 Nf6 2. Nf3 e6 3. g3 d5 4. Bg2 Be7 5. O-O O-O 6. c4 dxc4 7. Qc2 a6 8. Qxc4
b5 9. Qc2 Bb7 10. Bd2 Nbd7 11. Ba5 Bd6 12. Nbd2 Rc8 13. Ng5 Bxg2 14. Kxg2 Qe7
15. Nge4 c5 16. Nxf6+ Nxf6 17. dxc5 Rxc5 18. Qd3 Rd5 19. Qf3 Bb4 20. Bxb4 Qxb4
21. Nb3 Rf5 22. Qd3 Qg4 23. f3 Qg6 24. e4 Rg5 25. Qe3 e5 26. Qb6 h5 27. Kh3 h4
28. Qf2 Nh5 29. f4 hxg3 30. hxg3 Rxg3+ 31. Kh2 Qg4 32. Qxg3 Qxg3+ 33. Kh1 Nxf4
34. Rxf4 exf4 35. Rf1 f3 36. Rxf3 Qxf3+ 37. Kg1 Rd8 38. Nd4 Rxd4 39. a4 Rd1+
40. Kh2 Rh1# 0-1

[Event "CYCC U14"]
[Site "Quebec CAN"]
[Date "2018.07.03"]
[Round "4.28"]
[White "Rodrigue-Lemieux, Shawn"]
[Black "Hemstapat, Andrew"]
[Result "1-0"]
[WhiteElo "2344"]
[BlackElo "2239"]
[PlyCount "95"]
[EventDate "2018.07.02"]
[EventType "swiss"]
[EventRounds "7"]
[EventCountry "CAN"]

1. e4 e6 2. d4 d5 3. Nd2 c5 4. Ngf3 Nf6 5. exd5 exd5 6. Bb5+ Bd7 7. Bxd7+ Nbxd7
8. O-O Be7 9. dxc5 Nxc5 10. Nb3 Ne6 11. Nfd4 Nxd4 12. Nxd4 O-O 13. Nf5 Rc8 14.
Bg5 Rc6 15. c3 Re8 16. Qf3 Bf8 17. Rae1 Rxe1 18. Rxe1 h6 19. Bh4 g5 20. Bg3 Ne4
21. Ne3 Rf6 22. Qd1 Nxg3 23. hxg3 Bc5 24. Ng4 Rd6 25. Qa4 Kg7 26. Re8 Qc7 27.
Qd1 d4 28. Qe2 Rd7 29. Qe4 d3 30. Rh8 Kxh8 31. Nf6 Kg7 32. Ne8+ Kf8 33. Nxc7
Rxc7 34. Qxd3 Kg7 35. b4 Be7 36. a3 a6 37. c4 Bf6 38. c5 Re7 39. Kf1 h5 40. a4
Be5 41. b5 axb5 42. axb5 Rc7 43. f4 gxf4 44. gxf4 Bf6 45. Qd6 Rc8 46. c6 bxc6
47. bxc6 Bd8 48. Qd7 1-0

[Event "CYCC U14"]
[Site "Quebec CAN"]
[Date "2018.07.04"]
[Round "6.29"]
[White "Rodrigue-Lemieux, Shawn"]
[Black "Tanaka, Tyler"]
[Result "1-0"]
[WhiteElo "2344"]
[BlackElo "2067"]
[PlyCount "119"]
[EventDate "2018.07.02"]
[EventType "swiss"]
[EventRounds "7"]
[EventCountry "CAN"]

1. e4 c5 2. Nf3 d6 3. d4 Nf6 4. Bd3 cxd4 5. Nxd4 Nc6 6. c3 g6 7. O-O Bg7 8. h3
O-O 9. Nd2 d5 10. Nxc6 bxc6 11. Qe2 Qc7 12. Re1 e5 13. exd5 Nxd5 14. Nc4 Nf4
15. Bxf4 exf4 16. Qf3 Be6 17. Re4 Bf5 18. Re2 Bxd3 19. Qxd3 Rfe8 20. Rae1 Rxe2
21. Qxe2 Bf6 22. Rd1 Rd8 23. Rxd8+ Qxd8 24. Qd2 Qxd2 25. Nxd2 Kf8 26. Kf1 Be5
27. Ke2 Ke7 28. Kd3 Bc7 29. Nc4 f6 30. a4 a6 31. b4 Bb8 32. Nd2 Ba7 33. f3 f5
34. Nb3 Bb6 35. Kc4 Kd6 36. Nc1 Ba7 37. Nd3 Be3 38. Ne1 Bf2 39. Nc2 Bb6 40. Nd4
Ba7 41. Nb3 Bb6 42. b5 axb5+ 43. axb5 cxb5+ 44. Kxb5 Bc7 45. c4 h5 46. Nd4 Bb8
47. Ne2 Ke6 48. Kc6 g5 49. Nd4+ Ke5 50. Nb5 g4 51. Kb7 gxh3 52. gxh3 Bd6 53.
Nxd6 Kd4 54. Kb6 Ke3 55. c5 Kxf3 56. c6 Kg2 57. c7 f3 58. c8=Q f2 59. Nxf5 f1=N
60. h4 1-0

[Event "CYCC U14"]
[Site "Quebec CAN"]
[Date "2018.07.05"]
[Round "7.29"]
[White "Yang, Fan"]
[Black "Rodrigue-Lemieux, Shawn"]
[Result "0-1"]
[WhiteElo "2113"]
[BlackElo "2334"]
[PlyCount "82"]
[EventDate "2018.07.02"]
[EventType "swiss"]
[EventRounds "7"]
[EventCountry "CAN"]

1. e4 c6 2. d4 d5 3. exd5 cxd5 4. Bd3 Nc6 5. c3 Qc7 6. Ne2 Bg4 7. O-O e6 8. Qe1
Bd6 9. h3 Bxe2 10. Qxe2 Nf6 11. Nd2 O-O 12. Nf3 a6 13. Re1 Bf4 14. Ne5 Bxc1 15.
Raxc1 Nxe5 16. Qxe5 Qxe5 17. Rxe5 b5 18. f4 g6 19. Kf2 Rfc8 20. g4 Rc6 21. Rce1
Rb8 22. a3 a5 23. f5 exf5 24. gxf5 b4 25. fxg6 hxg6 26. cxb4 axb4 27. a4 b3 28.
Bb5 Rc2+ 29. R5e2 Ne4+ 30. Ke3 Rxe2+ 31. Rxe2 Nd6 32. Bc6 Nf5+ 33. Kf2 Nxd4 34.
Re8+ Rxe8 35. Bxe8 Kf8 36. Bd7 Ke7 37. Bg4 f5 38. Bd1 f4 39. Ke1 Kd6 40. Kd2
Kc5 41. Kd3 g5 0-1

[Event "Laval op"]
[Site "Laval CAN"]
[Date "2018.06.22"]
[Round "1.4"]
[White "Gonzalez, Daniel"]
[Black "Rodrigue-Lemieux, Shawn"]
[Result "0-1"]
[WhiteElo "1833"]
[BlackElo "2223"]
[PlyCount "90"]
[EventDate "2018.06.22"]
[EventType "swiss"]
[EventRounds "5"]
[EventCountry "CAN"]

1. e4 c6 2. Nf3 d5 3. exd5 cxd5 4. d4 Nc6 5. c3 Qc7 6. Be2 Nf6 7. O-O g6 8. Re1
Bg7 9. Bf1 O-O 10. g3 Bf5 11. Bg2 b5 12. Bf4 Qb6 13. Ne5 Rfe8 14. Nd2 Rac8 15.
Nb3 b4 16. Nc5 Nxe5 17. Bxe5 bxc3 18. bxc3 Qa5 19. Rc1 Qxa2 20. Ra1 Qb2 21.
Rxa7 Qxc3 22. Re3 Qc2 23. Qe1 Ra8 24. Rc3 Rxa7 25. Rxc2 Bxc2 26. Qc3 Bf5 27. h3
h5 28. Qb4 Ne4 29. Bxg7 Kxg7 30. Nxe4 Bxe4 31. Qc5 Ra1+ 32. Kh2 Bxg2 33. Kxg2
e6 34. g4 hxg4 35. hxg4 Rea8 36. g5 R1a2 37. Qe7 Rb2 38. Qf6+ Kg8 39. Kg3 Ra3+
40. Kg4 Rbb3 41. Qf4 Ra4 42. Qf6 Rbb4 43. Qd8+ Kh7 44. Qc7 Rxd4+ 45. Kf3 Rf4+
0-1

[Event "Laval op"]
[Site "Laval CAN"]
[Date "2018.06.23"]
[Round "2.3"]
[White "Rodrigue-Lemieux, Shawn"]
[Black "Sprumont, Oscar"]
[Result "1-0"]
[WhiteElo "2223"]
[BlackElo "2046"]
[PlyCount "125"]
[EventDate "2018.06.22"]
[EventType "swiss"]
[EventRounds "5"]
[EventCountry "CAN"]

1. e4 e5 2. Nf3 Nc6 3. Bc4 Nf6 4. d3 Be7 5. O-O O-O 6. h3 d6 7. a3 h6 8. Nc3
Re8 9. d4 exd4 10. Nxd4 Bf8 11. Re1 Nxd4 12. Qxd4 Be6 13. Be3 Bxc4 14. Qxc4
Nxe4 15. Nxe4 d5 16. Qb3 Rxe4 17. Rad1 d4 18. Qxb7 Qe8 19. Bd2 Re2 20. Bb4
Rxe1+ 21. Rxe1 Qc8 22. Qc6 Bxb4 23. axb4 Qd8 24. Re5 Rb8 25. b5 Qd6 26. Re8+
Rxe8 27. Qxe8+ Kh7 28. Qxf7 Qe5 29. Qc4 Qe1+ 30. Qf1 Qb4 31. b3 Kh8 32. g4 Qd6
33. Qe2 Qd5 34. Qd3 Qd6 35. Qe4 Qd8 36. Kg2 Qd7 37. Qf5 Qd6 38. h4 g6 39. Qf7
d3 40. cxd3 Qxd3 41. Qe8+ Kg7 42. Qe5+ Kg8 43. b4 Qc4 44. Qe8+ Kg7 45. Qd7+ Kg8
46. Kg3 Qc3+ 47. Kf4 Qxb4+ 48. Ke5 Qb2+ 49. Ke6 Qxf2 50. Qd8+ Kg7 51. Qxc7+ Kg8
52. Qb8+ Kg7 53. Qe5+ Kg8 54. h5 Qb6+ 55. Kd7 gxh5 56. gxh5 a6 57. Qg3+ Kf8 58.
Qa3+ Kf7 59. Qxa6 Qd4+ 60. Qd6 Qa7+ 61. Kc6 Qa8+ 62. Kb6 Qh8 63. Qd7+ 1-0